| 000 | 01037nam a22002537a 4500 | ||
|---|---|---|---|
| 005 | 20180619110527.0 | ||
| 010 | _a1718EN-30 ENG-118198-199 B-686442-451 | ||
| 020 |
_a9789382711421 pt.1 _c750.00 |
||
| 020 |
_a9789382711438 pt.2 _c750.00 |
||
| 020 |
_a9789382711827 set _c1295.00 (set of 2 pts.) |
||
| 035 | _aEN-101730-731 | ||
| 035 | _aB-686442-451 | ||
| 037 |
_bStar Pub. _adpl |
||
| 037 | _bDBAD/PUB | ||
| 082 | _a954.084 | ||
| 100 | _aPurkayastha, Sudip Kar | ||
| 245 |
_aOn the road to freedom/ _cby Sudip Kar Purkayastha |
||
| 260 |
_aNew Delhi _bVitasta Publishing _c2015 |
||
| 300 |
_a2pts.(ix,488p.; ix, 653p.) _c23cm.(Hb) |
||
| 500 | _aIncludes bibliographical references and index | ||
| 505 | _apt.1--Footprints on Indian history 1877-1936. pt.2--Footprints on Indian history 1937-1947 | ||
| 942 |
_2ddc _cEN _h954.084 _mPUR |
||
| 999 |
_c140004 _d140004 |
||